Land in the Eastern Province : (Record no. 4642)

MARC details
000 -LEADER
fixed length control field 00597nam a2200181 4500
008 - FIXED-LENGTH DATA ELEMENTS--GENERAL INFORMATION
fixed length control field 240117b |||||||| |||| 00| 0 eng d
082 ## - DEWEY DECIMAL CLASSIFICATION NUMBER
Classification number 333.3095
Item number FON
942 ## - ADDED ENTRY ELEMENTS (KOHA)
Item Type Reports
100 ## - MAIN ENTRY--PERSONAL NAME
Personal Name Fonseka, Bhavani
700 ## - ADDED ENTRY--PERSONAL NAME
Personal name Raheem, Mirak
245 ## - TITLE STATEMENT
Title Land in the Eastern Province :
Sub Title politics, policy, and conflict
260 ## - PUBLICATION, DISTRIBUTION, ETC. (IMPRINT)
Place of Publication Colombo:
Name of Publisher Centre for Policy Alternatives,
Date of Copyright 2010
300 ## - PHYSICAL DESCRIPTION
Extent 85 p. : color map ; 30 cm
856 ## - ELECTRONIC LOCATION AND ACCESS
Uniform Resource Identifier <a href="https://sangam.org/2010/05/CPA_Land_East.pdf?uid=3954">https://sangam.org/2010/05/CPA_Land_East.pdf?uid=3954</a>
650 ## - SUBJECT ADDED ENTRY--TOPICAL TERM
Topical Term Ethnic conflict- Sri Lanka -Eastern Province
650 ## - SUBJECT ADDED ENTRY--TOPICAL TERM
Topical Term Land settlement
650 ## - SUBJECT ADDED ENTRY--TOPICAL TERM
Topical Term Land tenure
Holdings
Withdrawn status Lost status Source of classification or shelving scheme Damaged status Not for loan Permanent location Current location Date acquired Total Checkouts Full call number Barcode Date last seen Price effective from Koha item type
    Dewey Decimal Classification     Resource center, Muslim Women's Research And Action Forum Resource center, Muslim Women's Research And Action Forum 2024-01-17   333.3095 FON RAF4763 2024-01-17 2024-01-17 Reports

Copyright © 2023 Muslim Women's Research and Action Forum (MWRAF), No 27/3, Anderson Road, Kalubowila, Dehiwela. Funded by The Asia Fundation